000 00492nam a22001457a 4500
008 230626b |||||||| |||| 00| 0 eng d
020 _a9781119715665
050 _aLB1060
_b.W55 2021
100 _aWillinghaw, Daniel T.
245 _awhy don't students like school :
_bA cognitive scientist answer questions about how the mind works and what it means for the classroom/
_cDaniel T. Willingham
250 _a2nd ed.
260 _bJossey-Bass
_c2021
300 _ax, 297p.
942 _2lcc
_cBK
999 _c20190
_d20189